000 00465nam a22001697a 4500
005 20251108164154.0
008 250721s1995 xx 000 0 ara d
082 1 4 _a342.62/عاد
100 1 _aأمين، عادل
245 1 0 _aالحياة الدستوريه في مصر 1952-1994 /
264 1 _aالقاهرة :
_bسينا،
_c1995.
300 _a276ص
650 1 7 _aالقانون الدستوري
650 1 7 _aمصر
942 _2ddc
_cBK
999 _c5469
_d5469